Una experiencia de diálogo entre directivos y profesores: el proyecto misión de la escuela
Uloženo v:
| Hlavní autor: | |
|---|---|
| Médium: | Kniha |
| Jazyk: | španělština |
| Vydáno: |
Santiago
CPEIP
1993
|
| Edice: | Documento de Estudio, 22
|
| Témata: | |
| Tagy: |
Přidat tag
Žádné tagy, Buďte první, kdo vytvoří štítek k tomuto záznamu!
|
MARC
| LEADER | 00000nam a2200000 a 4500 | ||
|---|---|---|---|
| 001 | UCX7666 | ||
| 003 | CL-VaPUC | ||
| 008 | 931227e19930000CL |||||||||||||||||spa|d | ||
| 082 | 0 | 4 | |a 371.106 |b ZEP |2 21 |
| 100 | 0 | |a Zepeda G., Silvia |e author |9 324576 | |
| 245 | 1 | 4 | |a Una experiencia de diálogo entre directivos y profesores: el proyecto misión de la escuela |
| 300 | |a 42 p | ||
| 942 | |c BK | ||
| 945 | |d 19931227 00:00:00 |a rbrito | ||
| 260 | |a Santiago |b CPEIP |c 1993 | ||
| 650 | 0 | |a Administradores escolares |9 308344 | |
| 650 | 7 | |a DIRECTORES DE ESCUELAS |2 CL-VaPUC |9 324577 | |
| 583 | |a last modification |c 19931227 00:00:00 |k Rodrigo Vera | ||
| 490 | 0 | |a Documento de Estudio, 22 | |
| 999 | |c 227431 |d 227429 | ||
| 952 | |0 0 |1 0 |4 0 |6 371_106000000000000_ZEP_1993 |7 0 |8 P |9 226458 |a BIBEDU |b BIBEDU |c BIBEDU_PB |d 2019-11-15 |i 295575K |o 371.106 ZEP 1993 |p 295575K |r 2019-11-15 |w 2019-11-15 |y BK |k EDU | ||